| 000 | 00746nas a2200217 454500 | ||
|---|---|---|---|
| 001 | 27967 | ||
| 005 | 20260407193507.0 | ||
| 008 | 260407s1997####ag###########|||spa#d | ||
| 003 | AR-UNSa-BCEJYS | ||
| 040 |
_aAR-UNSa-BCEJYS _bspa _cAR-UNSa-BCEJYS |
||
| 080 |
_a341.123 _xOrganización de las Naciones Unidas (ONU) |
||
| 245 | 1 | 0 | _aBoletín ONU |
| 264 | 1 |
_aBuenos Aires : _bNaciones Unidas _c1997 |
|
| 310 | _aFrecuencia: Mensual | ||
| 942 | _cSER | ||
| 590 | _aniveau_biblio:s niveau_hierar:1 | ||
| 100 | 1 | _aOrganización de las Naciones Unidas (ONU) | |
| 650 | _aDerecho internacional | ||
| 650 | _aDERECHO INTERNACIONAL PUBLICO | ||
| 856 | 4 | 1 |
_uhttps://biblioeco.unsa.edu.ar/pmb/images/revistas/Boletin ONU-r13559.jpg _yImagen de portada _qimage/jpeg |
| 999 |
_c8632 _d8632 |
||